System architecture with XML -(E-BOOK) (Record no. 192243)
[ view plain ]
| 000 -LEADER | |
|---|---|
| fixed length control field | 01080 a2200241 4500 |
| 003 - CONTROL NUMBER IDENTIFIER | |
| control field | Nust |
| 005 - DATE AND TIME OF LATEST TRANSACTION | |
| control field | 20170207154033.0 |
| 010 ## - LIBRARY OF CONGRESS CONTROL NUMBER | |
| LC control number | 2002107238 |
| 020 ## - INTERNATIONAL STANDARD BOOK NUMBER | |
| International Standard Book Number | 1558607455 (pbk. : alk. paper) |
| 040 ## - CATALOGING SOURCE | |
| Transcribing agency | Nust |
| 082 ## - DEWEY DECIMAL CLASSIFICATION NUMBER | |
| Classification number | 005.264 |
| 100 1# - MAIN ENTRY--PERSONAL NAME | |
| Personal name | Daum, Berthold, |
| 245 10 - TITLE STATEMENT | |
| Title | System architecture with XML -(E-BOOK) |
| Statement of responsibility, etc. | Berthold Daum, Udo Merten. |
| 260 ## - PUBLICATION, DISTRIBUTION, ETC. | |
| Place of publication, distribution, etc. | San Francisco, CA : |
| Name of publisher, distributor, etc. | Morgan Kaufmann Publishers, |
| Date of publication, distribution, etc. | c2003. |
| 300 ## - PHYSICAL DESCRIPTION | |
| Extent | xxii, 458 p. : |
| Other physical details | ill. ; |
| Dimensions | 24 cm. |
| 505 ## - FORMATTED CONTENTS NOTE | |
| Formatted contents note | Scenario (Page-9), Groundwork (Page-28), Structure (Page-75), Meaning (Page-140), Modeling Processes (Page-158), Communications (Page-194), Hypermedia (Page-213), Presentation Formats (Page-242), Transformation (Page-278), Infrastructure (Page-292), Solutions (Page-313). |
| 650 #0 - SUBJECT ADDED ENTRY--TOPICAL TERM | |
| Topical term or geographic name entry element | Computer architecture. |
| 650 #0 - SUBJECT ADDED ENTRY--TOPICAL TERM | |
| Topical term or geographic name entry element | XML (Document markup language) |
| 651 ## - SUBJECT ADDED ENTRY--GEOGRAPHIC NAME | |
| Geographic name | E-BOOK |
| 700 1# - ADDED ENTRY--PERSONAL NAME | |
| Personal name | Merten, Udo. |
| 856 42 - ELECTRONIC LOCATION AND ACCESS | |
| Materials specified | Publisher description |
| Uniform Resource Identifier | <a href="http://www.loc.gov/catdir/description/els031/2002107238.html">http://www.loc.gov/catdir/description/els031/2002107238.html</a> |
| 856 42 - ELECTRONIC LOCATION AND ACCESS | |
| Materials specified | Table of contents |
| Uniform Resource Identifier | <a href="http://www.loc.gov/catdir/toc/els031/2002107238.html">http://www.loc.gov/catdir/toc/els031/2002107238.html</a> |
| 942 ## - ADDED ENTRY ELEMENTS (KOHA) | |
| Source of classification or shelving scheme | |
| Koha item type | Book |
| Withdrawn status | Lost status | Source of classification or shelving scheme | Damaged status | Not for loan | Collection code | Permanent Location | Current Location | Date acquired | Total Checkouts | Full call number | Barcode | Date last seen | Price effective from | Koha item type |
|---|---|---|---|---|---|---|---|---|---|---|---|---|---|---|
| Military College of Signals (MCS) | Military College of Signals (MCS) | 12/12/2016 | 005.264 DAU | MCSEB-1253 | 12/08/2016 | 12/12/2016 | Book |
